First Lines of Muse Songs - Statistics

General Stats
  • This quiz has been taken 230 times
  • The average score is 11 of 16
Answer Stats
Song % Correct
Supermassive Black Hole
90%
Plug In Baby
89%
Uprising
89%
Hysteria
81%
Madness
80%
New Born
78%
Muscle Museum
69%
Psycho
66%
The Handler
64%
Sunburn
62%
Pressure
61%
Stockholm Syndrome
56%
Undisclosed Desires
56%
City of Delusion
46%
The Void
44%
Explorers
37%
No matching quizzes found
Score Distribution
Percent of People with Each Score
Percentile by Number Answered
Your Score History
You have not taken this quiz